01534nam a2200241Ia 4500001000600000003000900006008004100015040001300056040001300069041001300082100002300095100002900118245005400147245005400201250001100255260000900266260001200275260004900287300005700336500084100393650002701234650003101261B6120IT-RoPAU130308s9999 xx 000 0 und d aIT-RoPAU cIT-RoPAU aITALIANO aCammarota Domenico gCodice Aut. SPICS: 20164 aStoria del cinema dell'orrore-Vol.III (1976/1993) bStoria del Cinema dell'Orrore-Vol.Iii (1976/1993) a1a ed. aROMA bFanucci c1993 [1° Ed.:1993 - Ed.Ling.Originale:1993] a"504 p. (prefazione: no ; testo: 504 [pagine: 0-0])" aVolume che prende in Esame tutti I Film Horror Distribuiti in Italia Durante le Stagioni Cinematografiche Comprese Fra Il 1976 e Il 1993, per un totale di 410 Schede Filmiche, Piu' Dati e informazioni supplementari su Altre 380 Pellicole. Sono Affrontate le Tematiche del Genere Horror con Specifiche Filmografie: Mutazioni, Zombies, Demoni, Spettri, Incubi, Vampiri, Cannibalismo, Italian Horror, Hurban Violence, Trash Movie, Psyco Killer. Sono Esaminati Criticamente tutti I Piu' Grandi Autori: David Cronenberg, Stephen King, Dario Argento, Clive Barker, John Carpenter, Steve Spielberg, George Romero, Wes Craven, Francis Ford Coppola, John Landis, Ridley Scott, Peter Weir, tobe Hooper, Brian De Palma e Numerosi Altri. Oltre 70 fotografie a Colori. Bibliografia. Postfazione di Alberto Anile Critico Cinematografico Egiornalista. aGENERI CINEMATOGRAFICI eCodice materia Spics: 6810